Marvel or DC Quiz Stats

 Plays Quiz Updated Aug 22, 2012

Challenge
Share
Tweet
Embed
Score 0/44 Timer 03:00
28 Plays Today
Character Character % Correct
Thor???
88.1%
The Hulk???
88%
Batman???
87.9%
Wolverine???
87.6%
Captain America???
87.4%
Spider-Man???
87.1%
Robin???
87%
The Joker???
86.4%
Superman???
85.9%
Professor X???
85.7%
Magneto???
85.5%
Lex Luthor???
84.7%
Catwoman???
84.6%
Wonder Woman???
84.3%
Silver Surfer???
83.9%
Mr. Fantastic???
83.7%
Deadpool???
83.2%
Aquaman???
82.7%
Hawkeye???
82.6%
Jean Grey???
82.1%
Mister Freeze???
81.9%
The Flash???
81.7%
Character Character % Correct
Daredevil???
80.7%
Green Lantern???
80.5%
Martian Manhunter???
79.7%
Gambit???
78.9%
Nightcrawler???
78.8%
Green Goblin???
78.5%
Black Panther???
77.5%
Johnny Storm???
76.8%
Bizarro???
76.6%
Punisher???
76.4%
Black Canary???
75.9%
Dr Strange???
75.8%
Zatanna???
75.7%
Booster Gold???
75.5%
Blue Beetle???
75.4%
Iceman???
73.2%
Plastic Man???
73.1%
Huntress???
72.2%
Hawkman???
71.5%
Power Girl???
71.4%
Elongated Man???
69.5%
Jonah Hex???
67.6%

You're not logged in!

Compare scores with friends on all Sporcle quizzes.
Join for Free
OR
Log In

You Might Also Like...

Show Comments

Extras

Top Quizzes Today


Score Distribution

Your Account Isn't Verified!

In order to create a playlist on Sporcle, you need to verify the email address you used during registration. Go to your Sporcle Settings to finish the process.

Report this User

Report this user for behavior that violates our Community Guidelines.

Details: